000 00549nam a2200145 a 4500
008 120416s1964 ||||||||||||||||| || u
050 _aZ 721 Kyl
100 _aKyle, Barbara Ruth Fuessli
245 1 0 _aLibrarianship
260 _aLondon
_bThe English Universities Press
_c1964
300 _ax, 140p. : ill.
350 _a0.00
650 _aLIBRARIANSHIP--HANDBOOKS, MANUALS, ETC
995 _D0.00
_FCBU-MAIN LIBRARY (Kitwe)
_H1
_I1.99
_M1
_UAVAILABLE
_WJun 20, 2007
_ZAnnex Low-Usage Collection
999 _c49159
_d49159